La desnaturalizacin̤ del proceso

Detalles Bibliográficos
Autor principal: Sǹchez ℓlvarez, Eduardo
Formato: Desconocido
Lenguaje:español
Publicado: Barcelona : J.M. Bosch Editor, 2013
Materias:
Acceso en línea:http://www.vlex.com/source/11233

MARC

LEADER 00000 a2200000 4500
005 20130606192632.0
007 cr|||| ||||
008 130606e2013 sp |||||s|||| 00||0 spa d
020 |a 978-84-940933-7-1 
035 |a 11233 
040 |a vLex 
090 |c 4286  |d 4286 
100 1 0 |a Sǹchez ℓlvarez, Eduardo  
245 1 3 |a La desnaturalizacin̤ del proceso  |c / Eduardo Sǹchez ℓlvarez   |h [Recurso electrn̤ico]  
256 |a Servicio en ln̕ea 
260 |a Barcelona :  |b J.M. Bosch Editor,   |c 2013 
300 |a 1 Recurso electrn̤ico 
506 |d vLex Global  |d vLex Global (Academic Edition, excluding Law Schools)  |d vLex Global (U.S. Academic Edition, Law Schools)  |d vLex Global (U.S. Academic Edition, excluding Law Schools)  |d vLex Global (Academic Edition, Law Schools)  |a Contenido solo disponible en los productos indicados 
650 4 |a Organizacin̤ judicial  |z Espaą 
650 4 |a Derecho  |z Espaą 
740 |a vLex Libros (Servicio en ln̕ea) 
856 |a Acceso restringido  |u http://www.vlex.com/source/11233 
942 |c BOOK 
999 0 |a Law